000 00721nam a2200193 i 4500
001 39000
003 ES-MaACL
005 20250827022413.0
007 t|
008 030227s1972 sp ||||1| spa d
100 1 _aBusquets Cuevas, José María.
_932846
245 1 3 _aLa práctica del sistema de compensación /
_cJosé María Busquests Cuevas ; prólogo: Antonio Carceller Fernández.
260 _aMadrid :
_bInstituto de Estudio de Administración Local,
_c1972.
300 _a189 p. :
_b2 plan. pleg. ;
_c24 cm.
700 1 _aCarceller Fernández, Antonio.
_935104
710 2 _aInstituto de Estudios de Administración Local (España)
_94893
852 _aES-MaACL
_jC-42591
_bR.80778
999 _c39000
_d39000